Football Féminin : Les joueuses passées par Montpellier HSC - Statistiques

Statistiques générales
  • Ce quiz a été pris 25 fois
  • Le résultat moyen est 4 sur 11
Answers on the Grid
Answers color-coded by a green-red scale on the quiz's grid according to % correct below.
Marion Torrent
Louisa Nécib
Wendie Renard
Grace Geyoro
Eve Perisset
Sakina Karchaoui
Sonia Bompastor
Barbara Bonansea
Elisa De Almeida
Jen Beattie
Beth Mead
Géraldine Reuteler
Vanessa Gilles
Sofia Jakobsson
Irene Paredes
Steph Catley
Maëlle Lakrar
Sophia Smith
Mary Fowler
Mary Earps
Melvine Malard
Stina Blackstenius
Claudia Pina
Elodie Thomis
 
Statistiques - réponses
Réponse % Correct
Marion Torrent
79%
Sakina Karchaoui
58%
Elisa De Almeida
42%
Louisa Nécib
42%
Maëlle Lakrar
42%
Elodie Thomis
32%
Sofia Jakobsson
32%
Sonia Bompastor
32%
Stina Blackstenius
32%
Mary Fowler
21%
Jen Beattie
16%
Aucun quiz correspondant
Distribution des résultats
% des personnes avec chaque résultat
Percentile par nombre de réponses
Votre historique - résultats
Vous n’avez pas pris ce quiz